Automatizacija na bibliotečnite i informacionnite procesi v bibliotekite pri visšite učebni zavedenija sbornik dokladi
Salvato in:
| Natura: | Libro |
|---|---|
| Lingua: | bulgaro |
| Pubblicazione: |
Varna
Visš institut za narodno stopanstvo "Dimitar Blagoev"
1981
|
| Tags: |
Nessun Tag, puoi essere il primo ad aggiungerne!!
|
MARC
| LEADER | 00000nam a2200000 4500 | ||
|---|---|---|---|
| 001 | c136921 | ||
| 005 | 20060608151243.0 | ||
| 041 | 0 | |a bul | |
| 044 | |a BG | ||
| 245 | 1 | 0 | |a Automatizacija na bibliotečnite i informacionnite procesi v bibliotekite pri visšite učebni zavedenija |b sbornik dokladi |
| 264 | 1 | |a Varna |b Visš institut za narodno stopanstvo "Dimitar Blagoev" |c 1981 | |
| 300 | |a 284 s. | ||